Famous Boy Bands - Statistics

General Stats
  • This quiz has been taken 544 times
    99 since last reset
  • The average score is 7 of 12
Answer Stats
Boy Band % Correct
One Direction
95%
Backstreet Boys
87%
*NSYNC
83%
The Jackson 5
74%
BTS
72%
Jonas Brothers
72%
New Kids on the Block
60%
Take That
54%
The Osmonds
52%
Boyz II Men
43%
Westlife
32%
Bay City Rollers
18%
No matching quizzes found
Score Distribution
Percent of People with Each Score
Percentile by Number Answered
Your Score History
You have not taken this quiz since the last reset